000 00237nam a2200097Ia 4500
008 190216s9999||||xx |||||||||||||| ||und||
100 _aNull
245 0 _aHindi-Adayram Simh Ki Kahaniyam
260 _bMac Millian And Com. Ltd
942 _cBK
999 _c17001
_d17001